000
002890000a22001090004500
100
1
_a
Rivera Velasquez, Melvin
245
1
0
_a
Cuando el temor toca a la puerta
300
_a
Vol.47, núm.200 (1992), Páginas 10-11
650
1
4
_a
ANSIEDAD
773
0
_t
La Biblia en las Américas
942
_c
ANA
999
_c
62891
_d
62891